|
|
|
|
| LEADER |
01148nam a2200325 a 4500 |
| 001 |
GR-MES758 |
| 008 |
991111s1993 gr 000 0 gre d |
| 020 |
|
|
|a 9603120197
|
| 040 |
|
|
|a GrPaTEI
|b gre
|c GR-PaULI
|
| 245 |
0 |
0 |
|a Μόρια και γονίδια.Μια πρακτική προσέγγιση.
|
| 260 |
|
|
|a Θεσσαλονίκη :
|b Art of text,
|c 1993
|
| 300 |
|
|
|a 137 σελ.,εικ.
|
| 504 |
|
|
|a Βιβλιογραφία:σελ(137)
|
| 650 |
|
0 |
|a DNA
|
| 650 |
|
0 |
|a RNA
|
| 650 |
|
4 |
|a Βακτήρια
|
| 650 |
|
4 |
|a ΒΑΚΤΗΡΙΟΦΑΓΟΙ
|
| 650 |
|
4 |
|a Βιολογία
|
| 650 |
|
4 |
|a ΓΟΝΙΔΙΑ
|
| 650 |
|
4 |
|a ΜΟΡΙΑ
|
| 650 |
|
4 |
|a ΜΟΡΙΑΚΟΙ ΥΒΡΙΔΙΣΜΟΙ
|
| 650 |
|
4 |
|a ΟΞΕΑ
|
| 650 |
|
4 |
|a ΠΕΨΗ
|
| 650 |
|
4 |
|a ΠΛΑΣΜΙΔΙΑ
|
| 700 |
1 |
|
|a Σκούρας, Ζαχαρίας
|
| 710 |
0 |
|
|a Art of text
|
| 942 |
|
|
|2 ddc
|
| 952 |
|
|
|0 0
|1 0
|2 ddc
|4 0
|6 574_873000000000000_22_ΣΚΟ
|7 0
|9 264289
|a MSLG
|b MSLG
|c BSC
|d 2021-01-17
|e 24
|f 0
|g 0.00
|l 0
|o 574.873 22 ΣΚΟ
|p 2420000004365
|r 2021-01-17 00:00:00
|t 1
|w 2021-01-17
|y BK15
|x 19991111 0 1
|x GrPaTEI
|
| 971 |
|
|
|a .b25717996
|b 16-04-20
|c 13-09-16
|
| 999 |
|
|
|c 152070
|d 152070
|